000 00475nam a2200181Ia 4500
008 090122s9999 xx 000 0 und d
082 _b11628
100 _aकदम
_bबाबा
245 _aवादळवारं
260 _bशशिदीप
_c1991
300 _a136
501 _aबि. नं. 322-23-25-28-29
600 _aकदम
630 _aवादळवारं
700 _aकदम
730 _aवादळवारं
942 _cBOOK
999 _c35705
_d35705